00969cam a2200265 a 450000100100000000500170001000800410002703500190006803500190008704000290010608200190013510000440015424500960019826000350029430000270032965000250035665000400038165100550042170000370047691000340051391000070054704900090055495201230056399900170068600001821820240422104515.0750516s1965 mx 000 f spa d a(DLC) 65077082 a(OCoLC)1336761 aDO-SdBNPcFMdOCoLCdDLC aCh863.4bB142m1 aBaeza Flores, Alberto,d1914-19989756513aLa muerte en el paraíso :bnovela /cAlberto Baeza Flores ; prólogo de Julián Gorkin. aMéxico :bCosta-Amic,c1965. axiii, 376 p. ;c20 cm. 4aNovela chilena93163 4aLiteratura chilenaySIGLO XX914677 4aCubaxHistoriaxRevolución, 1959-vNOVELA9394431 aGorkin, JuliánePról.939444 aCatalogación por copia / LC aWM aBNGR 001054708MOaGRbGRcHDd2010-04-21iLF1l0oCh863.4 B142mp18218-10r2020-06-25w2020-06-25y4ZPréstamo en sala c17739d17739